Religion and politics in South Asia (Record no. 520012)

000 -LEADER
fixed length control field 00392nam a22001337a 4500
008 - FIXED-LENGTH DATA ELEMENTS--GENERAL INFORMATION
fixed length control field 220602b ||||| |||| 00| 0 eng d
100 ## - MAIN ENTRY--PERSONAL NAME
Personal name Jodhka, Surinder S. and Fazal, Tanweer
245 ## - TITLE STATEMENT
Title Religion and politics in South Asia
260 ## - PUBLICATION, DISTRIBUTION, ETC. (IMPRINT)
Place of publication, distribution, etc Sociological Bulletin
300 ## - PHYSICAL DESCRIPTION
Extent 70(4), Oct, 2021: p.447-452
773 ## - HOST ITEM ENTRY
Main entry heading Sociological Bulletin
906 ## - LOCAL DATA ELEMENT F, LDF (RLIN)
Subject DIP RELIGION
942 ## - ADDED ENTRY ELEMENTS (KOHA)
Item type Articles
Holdings
Withdrawn status Lost status Source of classification or shelving scheme Damaged status Not for loan Permanent location Current location Date acquired Serial Enumeration / chronology Barcode Date last seen Koha item type
          Indian Institute of Public Administration Indian Institute of Public Administration 2022-06-02 70(4), Oct, 2021: p.447-452 AR126738 2022-06-02 Articles

Powered by Koha